Statistics for Every Premier League Club's Best Ever Player

Click here to take the quiz!

General Stats

  • This quiz has been taken 27 times
  • The average score is 22 of 49

Answer Stats

ClubNationPlayer% Correct
ArsenalFranceThierry Henry
100%
Manchester UnitedEnglandWayne Rooney
92%
LiverpoolEnglandSteven Gerrard
92%
ChelseaEnglandFrank Lampard
88%
Tottenham HotspurWalesGareth Bale
88%
Leicester CityEnglandJamie Vardy
88%
Blackburn Rovers | Newcastle UnitedEnglandAlan Shearer
88%
Manchester CitySpainDavid Silva
85%
Aston VillaTrinidad & TobagoDwight Yorke
81%
FulhamUnited StatesClint Dempsey
81%
Crystal PalaceIvory CoastWilfried Zaha
73%
Sheffield Wednesday | West Ham UnitedItalyPaolo Di Canio
69%
Leeds UnitedAustraliaMark Viduka
65%
Bolton WanderersNigeriaJay-Jay Okocha
62%
Swansea CityIvory CoastWilfried Bony
62%
WolvesMexicoRaul Jimenez
62%
SouthamptonEnglandMatt Le Tissier
54%
MiddlesbroughBrazilJuninho
54%
BournemouthScotlandRyan Fraser
50%
Stoke CityEnglandPeter Crouch
50%
Birmingham CitySwedenSebastian Larsson
46%
EvertonEnglandLeighton Baines
46%
Huddersfield TownAustraliaAaron Mooy
46%
WatfordEnglandTroy Deeney
42%
BlackpoolScotlandCharlie Adam
38%
SunderlandEnglandKevin Phillips
35%
Brighton & Hove AlbionAustraliaMathew Ryan
35%
Wigan AthleticOmanAli Al-Habsi
31%
Coventry CityEnglandDion Dublin
27%
BurnleyEnglandBen Mee
27%
Sheffield UnitedEnglandPhil Jagielka
27%
PortsmouthEnglandDavid James
19%
Norwich CityIrelandWes Hoolahan
19%
QPREnglandCharlie Austin
15%
Charlton AthleticJamaicaJason Euell
15%
Bradford CityEnglandDean Windass
15%
Swindon TownNorwayJan Age Fjortoft
15%
Ipswich TownEnglandMarcus Stewart
15%
West Bromwich AlbionNorthern IrelandChris Brunt
15%
WimbledonEnglandVinnie Jones
15%
Nottingham ForestEnglandStuart Pearce
12%
Hull CityBrazilGeovanni
12%
ReadingEnglandAdam Le Fondre
4%
Oldham AthleticEnglandNeil Adams
4%
Cardiff CityEnglandPeter Whittingham
4%
BarnsleyEnglandNeil Redfearn
4%
Derby CountyIrelandRory Delap
0%

Score Distribution

Percentile by Number Answered

Percent of People with Each Score

Your Score History

You have not taken this quiz